Medalistki MŚ w piłce ręcznej kobiet - Statystyki

Ogólne statystyki
  • Ten quiz został rozwiązany 20 razy
  • Średni wynik to 15 z 17
Statystyki odpowiedzi
Miejsce Reprezentacja Złoto Srebro Brąz Łącznie % Poprawnych
8. Dania 1 2 4 7
100%
5. Francja 3 4 0 7
100%
15. Hiszpania 0 1 1 2
100%
1. Norwegia 4 5 3 12
100%
2. Rosja 4 0 1 5
100%
3. ZSRR 3 2 1 6
100%
12. Niemcy 1 0 3 4
95%
4. NRD 3 0 1 4
95%
16. Serbia 0 1 0 1
89%
6. Węgry 1 4 4 9
84%
10. Czechosłowacja 1 1 1 3
79%
10. Holandia 1 1 1 3
79%
14. Brazylia 1 0 0 1
74%
7. Jugosławia 1 3 3 7
74%
17. Austria 0 0 1 1
68%
9. Rumunia 1 2 1 4
63%
13. Korea Południowa 1 0 1 2
53%
Nie znaleziono quizów pasujących do podanych kryteriów
Rozkład punktacji
Procent ludzi z każdym wynikiem
Percentyl według liczby udzielonych odpowiedzi
Twoja historia wyników
Nie rozwiązałeś tego quizu